| 000 | 00481nam a2200181 i 4500 | ||
|---|---|---|---|
| 001 | bg | ||
| 100 | 1 | _aOSSOWSKI, Stanisław | |
| 245 | 0 |
_aU podstaw estetyki / _cStanisław Ossowski. |
|
| 250 | _aWyd.3 przejrz. i uzup. | ||
| 260 |
_aWarszawa : _bPańst. Wydaw. Naukowe, _c1958. |
||
| 300 |
_a362 s., [49]k.tabl. ; _c25 cm. |
||
| 650 | 9 |
_aEstetyka _xzagadnienia |
|
| 040 | _cBPK | ||
| 041 | _apol | ||
| 080 | _a7.01 | ||
| 942 | _cKS | ||
| 008 | s pl f |000 0 pol | ||
| 999 |
_c30484 _d30484 |
||
| 856 |
_uhttp://koha.tu.koszalin.pl/cgi-bin/koha/opac-detail.pl?biblionumber=30484 _yKatalog online BPK |
||